Analýza predpokladov zvýšenia účinnosti odmeňovania THP v podmienkach trhovej ekonomiky záverečná práca postgraduálneho štúdia

Gespeichert in:
Bibliographische Detailangaben
1. Verfasser: Bahleda, Milan
Körperschaft: Vysoká škola ekonomická v Bratislave
Format: Buch
Sprache:Slowakisch
Veröffentlicht: Bratislava 1991
Tags: Tag hinzufügen
Keine Tags, Fügen Sie das erste Tag hinzu!

MARC

LEADER 00000nam a2200000 4500
001 c033784
005 20221214093122.5
041 0 |a slo 
044 |a SK 
245 1 0 |a Analýza predpokladov zvýšenia účinnosti odmeňovania THP v podmienkach trhovej ekonomiky  |b záverečná práca postgraduálneho štúdia  |c Milan Bahleda 
264 1 |a Bratislava  |c 1991 
300 |a 14 s. 
100 1 |a Bahleda, Milan 
710 2 |a Vysoká škola ekonomická v Bratislave